Introductory circuit analysis (Record no. 2846)

000 -LEADER
fixed length control field 00538nam a2200205 a 4500
001 - CONTROL NUMBER
control field 2846
003 - CONTROL NUMBER IDENTIFIER
control field BD-DhUET
008 - FIXED-LENGTH DATA ELEMENTS--GENERAL INFORMATION
fixed length control field 870909s1987 ohua 001 0 eng
020 ## - INTERNATIONAL STANDARD BOOK NUMBER
International Standard Book Number 0675211816
040 ## - CATALOGING SOURCE
Original cataloging agency DLC
Transcribing agency DLC
Modifying agency BD-DhUET
082 00 - DEWEY DECIMAL CLASSIFICATION NUMBER
Classification number 623.01
Item number BOY/1990
100 1# - MAIN ENTRY--PERSONAL NAME
Personal name Boylestad, Robert L.
245 10 - TITLE STATEMENT
Title Introductory circuit analysis
250 ## - EDITION STATEMENT
Edition statement 6th ed.
260 ## - PUBLICATION, DISTRIBUTION, ETC. (IMPRINT)
Place of publication, distribution, etc. New York
Name of publisher, distributor, etc. Macmillan Publishing
Date of publication, distribution, etc. 1990
300 ## - PHYSICAL DESCRIPTION
Extent xiv, 1103 p.
Other physical details ill.
Dimensions 27 cm.
504 ## - BIBLIOGRAPHY, ETC. NOTE
Bibliography, etc Includes bibliographies
650 #0 - SUBJECT ADDED ENTRY--TOPICAL TERM
Topical term or geographic name as entry element Electric circuits
942 ## - ADDED ENTRY ELEMENTS (KOHA)
Koha item type General Book
Holdings
Koha date last seen Piece designation (barcode) Source of classification or shelving scheme Copy number Shelving location Damaged status Koha item type Sublocation or collection (holding branch) Koha full call number Price effective from Withdrawn status Lost status Koha normalized classification for sorting Not for loan Location (home branch) Koha issues (times borrowed) Koha date last borrowed Date acquired
2022-08-2390680 1Circulation section General BookCentral Library, BUET623.01/BOY/19902015-01-26  623_010000000000000_BOY_1990 Central Library, BUET62019-06-232015-01-26
2015-07-0190683 2Reading section General BookCentral Library, BUET623.01/BOY/19902015-07-01  623_010000000000000_BOY_1990 Central Library, BUET  2015-07-01
2015-07-0290682 3Reading section Reading ItemCentral Library, BUET623.01/BOY/19902015-07-02  623_010000000000000_BOY_1990 Central Library, BUET  2015-07-02
2025-11-0990681 4Circulation section General BookCentral Library, BUET623.01/BOY/19902022-01-16  623_010000000000000_BOY_1990 Central Library, BUET122025-08-031997-01-02